| 000 | 00450pab a2200157 454500 | ||
|---|---|---|---|
| 008 | 180718b1999-2000 xxu||||| |||| 00| 0 eng d | ||
| 100 | _aBalasubrahmanya, M.H. | ||
| 245 | _aIndia's small industry policy in the 90s: waning protectionism | ||
| 260 | _c1999-2000 | ||
| 300 | _ap.76- | ||
| 362 | _aOct-Dec | ||
| 650 | _aIndia - Industries, Small scale | ||
| 650 | _aSmall scale industries | ||
| 773 | _aIndian Economic Journal | ||
| 909 | _a43815 | ||
| 999 |
_c43815 _d43815 |
||